Institute of Management Consultants in Ireland (Record no. 119786)

MARC details
000 -LEADER
fixed length control field 00794cam a2200205 4500
001 - CONTROL NUMBER
control field WS110960
008 - FIXED-LENGTH DATA ELEMENTS--GENERAL INFORMATION
fixed length control field 000000n 000 0 eng u
035 ## - SYSTEM CONTROL NUMBER
System control number (Sirsi) u110960
110 ## - MAIN ENTRY--CORPORATE NAME
Corporate name or jurisdiction name as entry element Institute of Management Consultants in Ireland
9 (RLIN) 4034
245 ## - TITLE STATEMENT
Title Institute of Management Consultants in Ireland
520 ## - SUMMARY, ETC.
Summary, etc. Site for this Irish organisation of management consultants. Includes their code of professional conduct, details of how to use a consultant and a list of registered consultants.
650 ## - SUBJECT ADDED ENTRY--TOPICAL TERM
Topical term or geographic name entry element EIRE
650 ## - SUBJECT ADDED ENTRY--TOPICAL TERM
Topical term or geographic name entry element INTERNATIONAL
650 ## - SUBJECT ADDED ENTRY--TOPICAL TERM
Topical term or geographic name entry element ORGANISATION
650 ## - SUBJECT ADDED ENTRY--TOPICAL TERM
Topical term or geographic name entry element Management consultancy
9 (RLIN) 6255
650 ## - SUBJECT ADDED ENTRY--TOPICAL TERM
Topical term or geographic name entry element CODE OF CONDUCT
690 ## - LOCAL SUBJECT ADDED ENTRY--TOPICAL TERM (OCLC, RLIN)
Topical term or geographic name as entry element MANAGEMENT-BUSINESS MANAGEMENT
856 40 - ELECTRONIC LOCATION AND ACCESS
Uniform Resource Identifier <a href="https://www.imci.ie">https://www.imci.ie</a>
Public note View the website free of charge at www.imci.ie...
942 ## - ADDED ENTRY ELEMENTS (KOHA)
Suppress in OPAC 0
Holdings
Withdrawn status Lost status Source of classification or shelving scheme Damaged status Not for loan Home library Current library Shelving location Date acquired Total Checkouts Full call number Barcode Date last seen Copy number Price effective from Koha item type
    Dewey Decimal Classification     Virtual Virtual Online 15/02/2001   WEB SITE 110960-2001 06/08/2019 1 06/08/2019 Online material